Music Quiz

Random Music or Lyrics Quiz
Score 0/184 Timer 08:00
1 Play Today
% Correct
the
98.1%
Mighty
98.1%
Quinn.
98.1%
Quinn
98.1%
the
98.1%
the
98.1%
Mighty
98.1%
Quinn.
98.1%
the
98.1%
the
98.1%
Quinn
98.1%
the
98.1%
the
98.1%
the
98.1%
Mighty
98.1%
Quinn.
98.1%
Quinn
98.1%
the
98.1%
the
98.1%
Mighty
98.1%
Quinn.
98.1%
you
96%
no
93.6%
like
93.4%
like
93.4%
like
93.4%
like
93.4%
like
93.4%
like
93.4%
like
93.4%
Come
93.1%
Come
93.1%
Come
93.1%
Come
93.1%
Come
93.1%
Come
93.1%
Come
93.1%
Come
93.1%
see
92.6%
see
92.6%
see
92.6%
see
92.6%
nothing
91.8%
nothing
91.8%
nothing
91.8%
nothing
91.8%
not
91.2%
not
91.2%
not
91.2%
not
91.2%
within.
90.7%
within.
90.7%
a
90.7%
within.
90.7%
within.
90.7%
without.
90.5%
without.
90.5%
without.
90.5%
without.
90.5%
on
89.9%
on
89.9%
I
89.7%
% Correct
I
89.7%
I
89.7%
I
89.7%
Eskimo
84.9%
Eskimo
84.9%
Eskimo
84.9%
every
83.8%
go
83.6%
when
82.2%
when
82.2%
get
82.2%
when
82.2%
to
81.2%
to
81.2%
to
81.2%
to
81.2%
gonna
80.9%
gonna
80.9%
gonna
80.9%
gets
80.6%
gets
80.6%
gets
80.6%
here,
79.3%
here,
79.3%
here,
79.3%
and
78%
and
78%
and
78%
and
78%
You'll
77.5%
You'll
77.5%
You'll
77.5%
You'll
77.5%
all
76.7%
all
76.7%
all
76.7%
all
76.7%
all
76.7%
all
76.7%
all
76.7%
all.
76.7%
all
76.7%
all
76.7%
for
76.4%
in
73.2%
Everybody's
71.4%
Everybody's
71.4%
everybody's
71.4%
everybody's
71.4%
But,
70.3%
but
70.3%
but
70.3%
but
70.3%
do
68.7%
do;
68.7%
jump
67.4%
joy.
66%
my
66%
my
66%
me
64.7%
me
64.7%
of
63.7%
% Correct
him.
63.7%
are
60.7%
are
60.7%
run
58.6%
ain't
56%
girl
55.7%
boy.
55.7%
Some
54.9%
sweet,
54.9%
sugar
54.4%
what
52%
wanna
49.9%
wanna
49.9%
just
49.6%
just
49.6%
Just
49.6%
can
48.3%
building
46.4%
boats.
46.4%
building
46.4%
down
46.4%
where
46.4%
ships
45.1%
cup
44.8%
who
43.2%
others
42.4%
meat.
42.2%
monuments,
40.8%
tell
39.8%
tell
39.8%
I'll
37.9%
Let
37.4%
can't
35.5%
notes.
33.4%
rest.
33.2%
pigeons
32.4%
pigeons
32.4%
'em
32.4%
'em
32.4%
Everyone's
32.1%
everyone's
32.1%
despair;
30.2%
making
29.4%
jotting
29.2%
call.
28.6%
limb,
26.5%
haste
25.5%
there's
25.2%
Nobody
24.4%
toes,
24.4%
sleep;
23.6%
jumping
23.1%
someone
22.8%
feeding
22.3%
put
22.3%
doze.
22.3%
decide
16.4%
trees
14.6%
queues
14.1%
beneath
11.1%

You're not logged in!

Compare scores with friends on all Sporcle quizzes.
OR
Log In

Sporcle TV

Today on Sporcle TV


Watch our educational content, quiz creation guides, and fun videos on Sporcle TV.

Show Comments

Extras

Top Quizzes Today


Score Distribution

Paid Content

Your Account Isn't Verified!

In order to create a playlist on Sporcle, you need to verify the email address you used during registration. Go to your Sporcle Settings to finish the process.

Report this User

Report this user for behavior that violates our Community Guidelines.

Details: